000 00329nam a2200145Ia 4500
003 OSt
005 20240213165713.0
008 170524s9999 xx 000 0 und d
020 _a9789380712536
040 _cIIMT
100 _aYADAV
245 0 _aWORKSHOP TECHNOLOGY- I
260 _bNEW DELHI: VAYU EDUCATION
942 _2ddc
_c02
999 _c7588
_d7588